[Event "Stay Safe Play From Home 265"]
[Site "Emanuel Lasker Arena"]
[Date "2020.06.30"]
[Round "3"]
[White "EL sanbary"]
[Black "Bardellosport"]
[Result "0-1"]
[WhiteElo "1931"]
[BlackElo "2004"]
[Annotator "TA"]
[PlyCount "90"]
[EventDate "2020.06.30"]
[EventType "swiss (blitz)"]

{[%evp 9,90,-27,52,56,51,65,68,60,59,50,140,31,35,8,8,0,10,16,56,0,100,-10,30,33,150,147,260,69,173,8,4,13,39,4,33,0,43,-49,105,-302,0,-570,-552,-615,-630,-627,-453,-435,-420,-429,-413,-553,-433,-541,-520,-553,-522,-614,-539,-598,-318,-260,-139,-150,-133,-260,-245,-516,-121,-109,-10,-15,0,-6,0,-16,0,-12840,-12840,-12844,-12844,-29994,-29995]} 1. c4 f5 2. g3 Nf6 3. Bg2 g6 4. Nc3 Bg7 5. e4 O-O (5... fxe4 $11 6. Nxe4 Nxe4 7. Bxe4 c6) 6. exf5 $14 {A10: English Opening: Unusual Replies for Black.} gxf5 7. Nge2 d6 8. O-O {White is slightly better.} e5 {[#]} 9. d4 $146 ({Predecessor:} 9. f4 Nc6 10. Nd5 Be6 11. Nec3 Qd7 12. d3 Rab8 13. Nxf6+ Rxf6 14. Nd5 Rg6 15. Be3 {0-1 (22) Bykov,A (1999)-Shabunin,D (1763) Voronezh 2014}) 9... e4 ({Black should try} 9... Nc6 $14) 10. d5 (10. f3 $16) 10... Nbd7 11. f3 exf3 12. Bxf3 Ne5 13. Bg2 Qe8 14. b3 (14. Nf4 $14) 14... Qg6 (14... Neg4 $11 {keeps the balance.}) 15. Bb2 ({White should play} 15. Nb5 $16) 15... Nfg4 16. Qd2 Bh6 (16... Qh6 $14 17. Qxh6 Bxh6) 17. Nf4 $16 {Black must now prevent h3.} Bxf4 (17... Rf7 $16 {was necessary.} 18. Rae1 Rg7) 18. Rxf4 $2 (18. gxf4 $18 Qh6 19. h3) 18... h5 (18... Qh6 $14 19. Rxg4+ {[%mdl 64] Remove Defender} Nxg4 20. Qxh6 Nxh6) 19. h4 $2 (19. Nb5 $18) 19... Bd7 $11 20. Raf1 Rf7 21. Ne2 Raf8 22. Bc3 Rg7 23. Qb2 (23. Be4 $14) 23... Nf6 $2 (23... Ne3 $15 {keeps the upper hand.} 24. R1f3 Nxg2 25. Kxg2 Re7) 24. Nd4 $2 {[%mdl 8192]} (24. Bxe5 $16 {is forced if you want to stay better.} dxe5 25. Qxe5) 24... Qxg3 $2 (24... Nd3 $19 25. Qd2 Nxf4 26. Qxf4 Ne4 27. Bxe4 Qxg3+ 28. Qxg3 Rxg3+ 29. Bg2 Rxc3) 25. Ne6 $2 {[%mdl 8192]} (25. Nxf5 $11 {and White stays safe.} Bxf5 26. Rxf5 {[%mdl 64] Double Attack} Qe3+ 27. Kh1) 25... Bxe6 $19 26. dxe6 Nfg4 {[%csl Gg4][%cal Rg3h2]} 27. R1f3 Nxf3+ 28. Rxf3 Qh2+ 29. Kf1 Ne5 30. Bxe5 Qxe5 31. Qxe5 dxe5 {[%mdl 4096] Endgame KRR-KRB} 32. Bh3 f4 33. Ke2 Re7 34. Kd3 {If White can now play Ke4 this consolidates a bit.} Rf6 35. Ke4 {[#]} Rfxe6 (35... Rg6 $1 $19 {aiming for ...Rg3.} 36. Kxe5 Rg3 37. Kxf4 Rxf3+ 38. Kxf3 Rg7) 36. Bxe6+ $17 Rxe6 $19 {KR-KR} 37. Rf2 (37. Rd3 $17) 37... Kg7 38. Rg2+ $2 (38. Kf5 {was worth a try.} Kf7 39. c5) 38... Kf6 $2 (38... Rg6 $19 {is more deadly.} 39. Rd2 Rd6 40. Rg2+ Kf6) 39. Rg5 $17 {[#]} a5 ({Better is} 39... Kf7 $1 $17 40. Rxh5 Rf6) 40. Rxh5 $11 Kg7 41. Rg5+ Kf7 42. c5 Rf6 43. Rxe5 $2 {[%mdl 8192]} (43. Kxe5 $11 f3 44. Rg1) 43... f3 $19 44. Rg5 f2 45. Rg7+ Kxg7 {What a bad dream for White. Accuracy: White = 28%, Black = 37%.} 0-1

[Event "Stay Safe Play From Home 265"]
[Site "Emanuel Lasker Arena"]
[Date "2020.06.30"]
[Round "3"]
[White "Buzaglo"]
[Black "Klasman"]
[Result "1-0"]
[WhiteElo "1827"]
[BlackElo "1294"]
[Annotator "NA RC"]
[PlyCount "49"]
[EventDate "2020.06.30"]
[EventType "swiss (blitz)"]

1. d4 {[%emt 0:00:00]} f5 {[%emt 0:00:02]} 2. Nf3 {[%emt 0:00:00]} Nf6 {[%emt 0:00:01]} 3. g3 {[%emt 0:00:00]} e6 {[%emt 0:00:01]} 4. Bg2 {[%emt 0:00:00]} d5 {[%emt 0:00:01]} 5. O-O {[%emt 0:00:00]} c5 {[%emt 0:00:01]} 6. Nbd2 {[%emt 0:00:00]} Nc6 {[%emt 0:00:01]} 7. dxc5 {[%emt 0:00:01]} Bxc5 {[%emt 0:00:02]} 8. c4 {[%emt 0:00:00]} d4 {[%emt 0:00:04]} 9. e3 {[%emt 0:00:02]} e5 {[%emt 0:00:02]} 10. exd4 {[%emt 0:00:01]} Nxd4 {[%emt 0:00:06]} 11. Nxd4 {[%emt 0:00:02]} Bxd4 {[%emt 0:00:02]} 12. Nb3 {[%emt 0:00:01]} O-O {[%emt 0:00:02]} 13. Nxd4 {[%emt 0:00:01]} Qxd4 {[%emt 0:00:04]} 14. Qxd4 {[%emt 0:00:01]} exd4 {[%emt 0:00:01]} 15. Bf4 {[%emt 0:00:01]} Ne4 {[%emt 0:00:02]} 16. Rad1 {[%emt 0:00:02]} Rd8 {[%emt 0:00:13]} 17. Be5 {[%emt 0:00:01]} d3 {[%emt 0:00:01]} 18. Bf4 {[%emt 0:00:07]} Be6 {[%emt 0:00:01]} 19. b3 {[%emt 0:00:02]} b5 {[%emt 0:00:02]} 20. cxb5 {[%emt 0:00:02]} Rac8 {[%emt 0:00:01]} 21. f3 {[%emt 0:00:03]} g5 {[%emt 0:00:04]} 22. fxe4 {[%emt 0:00:03]} gxf4 {[%emt 0:00:01]} 23. exf5 {[%emt 0:00:01]} Bxf5 {[%emt 0:00:03]} 24. Rxf4 {[%emt 0:00:01]} Bg6 {[%emt 0:00:02]} 25. Be4 {[%emt 0:00:03] Time (Lag: Av=0.72s, max=4.2s)} 1-0

[Event "Stay Safe Play From Home 265"]
[Site "Emanuel Lasker Arena"]
[Date "2020.06.30"]
[Round "4"]
[White "Lamborghini"]
[Black "BrainThinker22"]
[Result "1-0"]
[WhiteElo "2298"]
[BlackElo "2276"]
[Annotator "NA"]
[PlyCount "133"]
[EventDate "2020.06.30"]
[EventType "swiss (blitz)"]

1. e4 {[%emt 0:00:01]} c6 {[%emt 0:00:01]} 2. d4 {[%emt 0:00:01]} d5 {[%emt 0:00:00]} 3. Nc3 {[%emt 0:00:01]} dxe4 {[%emt 0:00:01]} 4. Nxe4 {[%emt 0:00:00]} Bf5 {[%emt 0:00:01]} 5. Ng3 {[%emt 0:00:01]} Bg6 {[%emt 0:00:00]} 6. h4 {[%emt 0:00:00]} h6 {[%emt 0:00:01]} 7. Nf3 {[%emt 0:00:00]} Nd7 {[%emt 0:00:01]} 8. h5 {[%emt 0:00:00]} Bh7 {[%emt 0:00:01]} 9. Bd3 {[%emt 0:00:00]} Bxd3 {[%emt 0:00:00]} 10. Qxd3 {[%emt 0:00:00]} e6 {[%emt 0:00:00]} 11. Bf4 {[%emt 0:00:01]} Ngf6 {[%emt 0:00:00]} 12. O-O-O {[%emt 0:00:01]} Qa5 {[%emt 0:00:00]} 13. Kb1 {[%emt 0:00:01]} O-O-O {[%emt 0:00:01]} 14. Qe2 {[%emt 0:00:02]} Be7 {[%emt 0:00:01]} 15. Ne5 {[%emt 0:00:01]} Nxe5 {[%emt 0:00:01]} 16. dxe5 {[%emt 0:00:01]} Rxd1+ {[%emt 0:00:01]} 17. Rxd1 {[%emt 0:00:02]} Nd7 {[%emt 0:00:00]} 18. Ne4 {[%emt 0:00:02]} Rd8 {[%emt 0:00:01]} 19. Qg4 {[%emt 0:00:11]} Bf8 {[%emt 0:00:10]} 20. Nd6+ {[%emt 0:00:03]} Bxd6 {[%emt 0:00:01]} 21. exd6 {[%emt 0:00:00]} Qf5 {[%emt 0:00:02]} 22. Qxf5 {[%emt 0:00:01]} exf5 {[%emt 0:00:00]} 23. Re1 {[%emt 0:00:01]} Nf6 {[%emt 0:00:03]} 24. Re7 {[%emt 0:00:01]} Ne4 {[%emt 0:00:01]} 25. Rxf7 {[%emt 0:00:03]} Nxd6 {[%emt 0:00:01]} 26. Rxg7 {[%emt 0:00:02]} Nb5 {[%emt 0:00:02]} 27. a4 {[%emt 0:00:01]} Nd6 {[%emt 0:00:03]} 28. Bxh6 {[%emt 0:00:03]} Ne4 {[%emt 0:00:03]} 29. Bf4 {[%emt 0:00:01]} Rd1+ {[%emt 0:00:02]} 30. Ka2 {[%emt 0:00:01]} Rh1 {[%emt 0:00:00]} 31. h6 {[%emt 0:00:01]} b6 {[%emt 0:00:02]} 32. h7 {[%emt 0:00:01]} Nf6 {[%emt 0:00:01]} 33. Rg8+ {[%emt 0:00:01]} Nxg8 {[%emt 0:00:01]} 34. hxg8=Q+ {[%emt 0:00:01]} Kb7 {[%emt 0:00:00]} 35. Qf7+ {[%emt 0:00:01]} Ka6 {[%emt 0:00:01]} 36. Qc4+ {[%emt 0:00:00]} Kb7 {[%emt 0:00:01]} 37. Qe6 {[%emt 0:00:00]} Rd1 {[%emt 0:00:03]} 38. Qxf5 {[%emt 0:00:00]} Rd5 {[%emt 0:00:01]} 39. Qxd5 {[%emt 0:00:01]} cxd5 {[%emt 0:00:00]} 40. g4 {[%emt 0:00:01]} Kc6 {[%emt 0:00:00]} 41. g5 {[%emt 0:00:00]} Kd7 {[%emt 0:00:00]} 42. Be5 {[%emt 0:00:01]} Ke6 {[%emt 0:00:00]} 43. f4 {[%emt 0:00:00]} Kf5 {[%emt 0:00:01]} 44. Kb3 {[%emt 0:00:00]} a6 {[%emt 0:00:01]} 45. Kc3 {[%emt 0:00:00]} b5 {[%emt 0:00:00]} 46. Kd3 {[%emt 0:00:00]} bxa4 {[%emt 0:00:01]} 47. Kd4 {[%emt 0:00:01]} Ke6 {[%emt 0:00:00]} 48. f5+ {[%emt 0:00:01]} Kxf5 {[%emt 0:00:01]} 49. Kxd5 {[%emt 0:00:00]} Kxg5 {[%emt 0:00:00]} 50. Bd6 {[%emt 0:00:01]} Kf5 {[%emt 0:00:00]} 51. Ba3 {[%emt 0:00:00]} Kf6 {[%emt 0:00:01]} 52. Kc5 {[%emt 0:00:00]} Ke7 {[%emt 0:00:00]} 53. Kb6+ {[%emt 0:00:00]} Kd7 {[%emt 0:00:00]} 54. Kxa6 {[%emt 0:00:00]} Kc8 {[%emt 0:00:01]} 55. Kb5 {[%emt 0:00:00]} Kb7 {[%emt 0:00:00]} 56. Kxa4 {[%emt 0:00:00]} Ka7 {[%emt 0:00:00]} 57. Kb5 {[%emt 0:00:00]} Kb7 {[%emt 0:00:00]} 58. c4 {[%emt 0:00:01]} Kc7 {[%emt 0:00:00]} 59. c5 {[%emt 0:00:00]} Kb7 {[%emt 0:00:00]} 60. c6+ {[%emt 0:00:00]} Ka7 {[%emt 0:00:00]} 61. Kc5 {[%emt 0:00:01]} Kb8 {[%emt 0:00:00]} 62. Kd6 {[%emt 0:00:00]} Kc8 {[%emt 0:00:00]} 63. c7 {[%emt 0:00:01]} Kb7 {[%emt 0:00:01]} 64. Kd7 {[%emt 0:00:00]} Kb6 {[%emt 0:00:00]} 65. c8=Q {[%emt 0:00:00]} Kb5 {[%emt 0:00:00]} 66. Qc3 {[%emt 0:00:01]} Ka4 {[%emt 0:00:00]} 67. Qb4# {[%emt 0:00:00] (Lag: Av=0.33s, max=0.6s)} 1-0

[Event "Stay Safe Play From Home 265"]
[Site "Emanuel Lasker Arena"]
[Date "2020.06.30"]
[Round "4"]
[White "Toosieslide"]
[Black "Bardellosport"]
[Result "1-0"]
[WhiteElo "2277"]
[BlackElo "2017"]
[Annotator "TA"]
[PlyCount "69"]
[EventDate "2020.06.30"]
[EventType "swiss (blitz)"]

{[%evp 9,69,23,31,0,20,-3,27,15,20,22,27,16,21,18,14,-38,-10,-102,-51,-81,-74,-79,-83,-100,-93,-145,-141,-135,-135,-141,95,5,56,57,85,80,143,160,159,0,0,0,0,0,334,347,1414,1414,1372,1366,1211,1192,2603,2497,2337,2046,2132,2082,29986,835,1187,1099]} 1. e4 d6 2. Nf3 g6 3. Nc3 Bg7 4. Bc4 e6 5. d3 Nd7 {[#]} 6. Bb3 $146 {B06: Modern Defence.} ({Predecessor:} 6. O-O h6 7. Qd2 Nb6 8. Bb3 Nf6 9. Na4 c5 10. e5 Ng4 11. exd6 Qxd6 12. Qf4 Qxf4 13. Bxf4 Nxa4 14. Bxa4+ {½-½ (21) Hoffmeister,W (1443)-Engels,J (1163) Pinneberg 2019}) 6... Ne7 7. O-O b6 8. Re1 {White has an edge.} Bb7 9. d4 a6 10. Bf4 h6 11. Bg3 O-O 12. e5 (12. h3 $11) 12... dxe5 13. dxe5 (13. Nxe5 $11 Nxe5 14. Bxe5) 13... Nc5 (13... Nf5 $17 14. Qe2 Qe7) 14. Bc4 Nf5 15. Qe2 Qe7 16. Rad1 Rad8 17. Bf4 ({White should play} 17. Bd3) 17... g5 $17 18. Be3 Nxe3 19. Qxe3 f6 $2 (19... Nd7 $17 {Threatens to win with ...g4.} 20. Bf1 g4) 20. exf6 (20. Rxd8 $16 Rxd8 21. b4) 20... Bxf6 (20... Qxf6 $11 21. Ne5 Rxd1 22. Nxd1 Qf5) 21. Ne5 $14 {aiming for Ng6.} ({Weaker is} 21. Bxe6+ Nxe6 22. Rxd8 (22. Qxe6+ Qxe6 23. Rxe6 Rxd1+ 24. Nxd1 Rd8 $17) 22... Rxd8 $17) 21... Bxe5 22. Qxe5 Rde8 ({Better is} 22... b5) 23. b4 $16 b5 {[#]} 24. Nxb5 $2 ({Don't do} 24. bxc5 $6 bxc4 25. Rd4 Rf5 $14) ({Resist} 24. Qxc5 $6 Qxc5 25. bxc5 bxc4 $11) (24. Bf1 $1 $16) 24... axb5 $11 25. Bxb5 c6 26. Bc4 $36 {[%mdl 2048] Black is under pressure.} Na6 $2 {[%mdl 8192]} (26... Ba6 $11 {and Black stays safe.} 27. Qe2 Bxc4 28. Qxc4 Nd7) 27. Bxe6+ $18 Kh7 $2 (27... Qxe6 28. Qxe6+ Rxe6) 28. Bf5+ {[%mdl 64] [#] Discovered Attack} Kg8 29. Qxe7 Rxe7 30. Rxe7 {White threatens Be6+ and mate.} Rxf5 31. Rd8+ Rf8 32. Rxf8+ Kxf8 33. Rxb7 Nxb4 34. Rb6 (34. Rxb4 $142 g4 35. a4 Kf7 36. a5 Ke6 37. a6 Kf5 38. a7 Ke6 39. a8=Q) 34... Nd5 35. Rxc6 {Accuracy: White = 60%, Black = 45%.} 1-0

[Event "Stay Safe Play From Home 265"]
[Site "Emanuel Lasker Arena"]
[Date "2020.06.30"]
[Round "4"]
[White "SoulofWolf"]
[Black "Fischer_11"]
[Result "1-0"]
[WhiteElo "2138"]
[BlackElo "2013"]
[Annotator "NA"]
[PlyCount "55"]
[EventDate "2020.06.30"]
[EventType "swiss (blitz)"]

1. d3 {[%emt 0:00:00]} Nf6 {[%emt 0:00:01]} 2. Nf3 {[%emt 0:00:00]} g6 {[%emt 0:00:00]} 3. e4 {[%emt 0:00:01]} Bg7 {[%emt 0:00:00]} 4. e5 {[%emt 0:00:00]} Ng8 {[%emt 0:00:01]} 5. c4 {[%emt 0:00:01]} d6 {[%emt 0:00:00]} 6. exd6 {[%emt 0:00:02]} Qxd6 {[%emt 0:00:01]} 7. Nc3 {[%emt 0:00:01]} c5 {[%emt 0:00:01]} 8. g3 {[%emt 0:00:01]} a6 {[%emt 0:00:01]} 9. Bf4 {[%emt 0:00:01]} Qd7 {[%emt 0:00:01]} 10. Bg2 {[%emt 0:00:00]} Nc6 {[%emt 0:00:00]} 11. h4 {[%emt 0:00:01]} e5 {[%emt 0:00:02]} 12. Bh3 {[%emt 0:00:01]} Qd6 {[%emt 0:00:05]} 13. Ne4 {[%emt 0:00:03]} Qe7 {[%emt 0:00:04]} 14. Be3 {[%emt 0:00:03]} Bxh3 {[%emt 0:00:03]} 15. Bxc5 {[%emt 0:00:00]} Qd7 {[%emt 0:00:04]} 16. Nd6+ {[%emt 0:00:03]} Kd8 {[%emt 0:00:06]} 17. Ng5 {[%emt 0:00:01]} Be6 {[%emt 0:00:02]} 18. Qb3 {[%emt 0:00:07]} b5 {[%emt 0:00:06]} 19. O-O {[%emt 0:00:06]} Nd4 {[%emt 0:00:03]} 20. Qd1 {[%emt 0:00:02]} h6 {[%emt 0:00:04]} 21. Nge4 {[%emt 0:00:02]} Nf6 {[%emt 0:00:02]} 22. cxb5 {[%emt 0:00:04]} Nxe4 {[%emt 0:00:03]} 23. Nxe4 {[%emt 0:00:00]} axb5 {[%emt 0:00:00]} 24. f4 {[%emt 0:00:02]} exf4 {[%emt 0:00:01]} 25. Rxf4 {[%emt 0:00:01]} Bd5 {[%emt 0:00:02]} 26. Nd6 {[%emt 0:00:03]} Ra6 {[%emt 0:00:03]} 27. Ne4 {[%emt 0:00:04]} Re6 {[%emt 0:00:02]} 28. Bb4 {[%emt 0:00:03] Zeit (Lag: Av=0.34s, max=0.6s)} 1-0

[Event "Stay Safe Play From Home 265"]
[Site "Emanuel Lasker Arena"]
[Date "2020.06.30"]
[Round "4"]
[White "Lazieri3"]
[Black "Buzaglo"]
[Result "1-0"]
[WhiteElo "2082"]
[BlackElo "1828"]
[Annotator "TA"]
[PlyCount "117"]
[EventDate "2020.06.30"]
[EventType "swiss (blitz)"]

{[%evp 9,116,38,143,67,457,397,485,178,615,41,41,35,40,68,286,281,282,279,278,252,359,350,373,312,339,346,417,402,610,420,426,427,541,542,637,602,602,602,636,602,594,591,685,675,685,681,675,673,5477,1132,1107,1099,1058,1058,804,793,1608,1558,5489,5397,29969,29971,29965,29964,29982,29983,29983,29984,29983,29984,29985,29986,29986,29984,29984,29985,29985,29985,29986,29987,29989,29990,29990,29991,29991,29992,29994,29995,29995,29996,29996,29995,29995,29994,29994,29995,29995,29996,29996,29997,29997,29998,29998,29997,29997,29998,29998,29999,29999]} 1. e4 e6 2. Nc3 d5 3. d4 dxe4 4. Nxe4 c5 5. dxc5 {[#]} Nc6 $146 (5... Qxd1+ $14 6. Kxd1 Nf6 7. Nxf6+ gxf6) ({Predecessor:} 5... Qxd1+ 6. Kxd1 Nf6 7. Nxf6+ gxf6 8. Be3 Nd7 9. Bb5 a6 10. Ba4 Rg8 11. Ne2 Rg4 12. f4 Kd8 13. b4 {0-1 (34) Kolosowski,M (2413)-Andreev,E (2498) Karvina 2012}) 6. Nd6+ {C10: French with 3 Nc3: Unusual Black 3rd moves and 3...dxe4.} (6. Qxd8+ $16 Nxd8 7. Bg5) 6... Ke7 $2 {[%mdl 8192]} (6... Bxd6 $1 $14 7. cxd6 (7. Qxd6 Qxd6 8. cxd6 Nb4 $16) 7... Nf6) 7. Nf3 Nf6 8. Bc4 $2 (8. Bb5) 8... b6 $2 (8... Qa5+ 9. c3 Qxc5) 9. Nb5 $2 ({White should play} 9. Bf4 $18) 9... Qxd1+ $14 10. Kxd1 bxc5 11. Be3 Ke8 $2 {White now steadily converts the win.} (11... Ng4 $14) 12. Nc7+ $18 {[%mdl 64] [#] Double Attack} Kd7 13. Nxa8 Bb7 14. Ke2 Bxa8 (14... Nd5 $142 15. Bb5 Bd6 16. Bxc5 Nf4+ 17. Ke1 Bxc5) 15. Rhd1+ Kc7 16. Bf4+ Kb7 17. Ne5 Nxe5 18. Bxe5 {Threatens to win with Rd8.} Nd5 (18... Be7 $142 19. Rd3 Rd8 20. Rb3+ Kc6 21. Bb5+ Kb6 22. Ba4+ Ka6 23. Bb5+ Kb6 24. Be8+ Ka6) 19. Bxd5+ exd5 20. Rxd5 {Strongly threatening Rd8.} Kb6 21. Rd8 Bc6 22. Bd6 Bxd6 23. Rxh8 Bb5+ 24. Ke1 h6 25. Rg8 g5 26. Rd1 Kc6 27. Rh8 Bc4 28. Rxh6 Bd5 29. Rxd5 Kxd5 30. Rxd6+ Kxd6 {[%mdl 4096] Endgame KP-KP} 31. h3 Ke5 32. Ke2 f5 33. g3 a5 34. h4 gxh4 35. gxh4 {White mates.} Kf4 36. f3 c4 37. b3 cxb3 38. cxb3 Ke5 39. Ke3 Kf6 40. Kf4 Kg6 {[#]} 41. h5+ $1 Kxh5 42. Kxf5 Kh6 43. Ke6 Kg7 44. f4 Kf8 45. f5 a4 46. bxa4 Ke8 47. f6 Kd8 48. f7 Kc7 49. f8=Q Kb6 50. Qb8+ Kc5 51. a5 Kc4 52. a6 Kd4 53. a7 Ke4 54. a8=Q+ Kd3 55. Qb4 {[%csl Gb4][%cal Ra8e4]} Ke3 56. Qaa3+ Ke2 57. Qbb2+ Kd1 58. Qd3+ Ke1 59. Qde2# {Accuracy: White = 77%, Black = 45%.} 1-0

[Event "Stay Safe Play From Home 265"]
[Site "Emanuel Lasker Arena"]
[Date "2020.06.30"]
[Round "4"]
[White "Trotsky"]
[Black "The Next Contender"]
[Result "0-1"]
[WhiteElo "1629"]
[BlackElo "1911"]
[Annotator "TA"]
[PlyCount "52"]
[EventDate "2020.06.30"]
[EventType "swiss (blitz)"]

{[%evp 11,52,14,32,0,16,-10,-19,-221,-54,-59,13,4,25,-21,150,31,25,-56,-11,-10,-20,-45,0,-31,0,-157,216,-150,-105,-100,-104,-483,-469,-807,-794,-1100,-712,-1200,-1156,-1551,-1571,-5206,-2395]} 1. d4 d5 2. e3 c5 3. c4 e6 4. Nc3 Nf6 5. Nf3 cxd4 6. exd4 Bb4 7. Be3 {B14: Caro-Kann: Panov-Botvinnik Attack with 5...e6 and 5...g6.} dxc4 8. Qc2 O-O {[#]} 9. O-O-O $146 (9. Bxc4 $11 b6 10. a3 Bxc3+ 11. bxc3 (11. Qxc3 Bb7 $11)) ({Predecessor:} 9. Bxc4 b6 10. O-O Bb7 11. Qe2 Nc6 12. Rac1 Rc8 13. Rfd1 Ne7 14. Ba6 Bxa6 15. Qxa6 Bxc3 16. bxc3 {½-½ (41) Schoch,T (2311)-Kolpak,S (2328) ICCF email 2016}) 9... Nd5 $2 ({Better is} 9... Bxc3 $19 10. bxc3 b5) 10. Bxc4 $15 Nxc3 (10... Bxc3 $15 11. bxc3 Qc7) 11. bxc3 $40 {[%mdl 128] White is up to no good.} Ba3+ 12. Kd2 e5 $2 ({Black should try} 12... Nd7 $11) 13. Bd3 (13. Ng5 $16 {[%csl Gg5][%cal Rc2h7]} g6 14. Nxf7 {[%mdl 64] Decoy} Rxf7 15. Bxf7+ Kxf7 16. Qb3+ {[%mdl 64] Double Attack} Be6 17. Qxa3) 13... exd4 14. cxd4 (14. Bxh7+ $11 Kh8 15. Ke1 (15. Bxd4 Nc6 $11) (15. Nxd4 $2 f5 $17)) 14... Bb4+ 15. Ke2 h6 16. h4 Bg4 17. Kf1 Nc6 {[#]} 18. Ng5 $2 (18. d5 $1 $11 {[%mdl 512]} Bxf3 (18... Qxd5 19. Bh7+) 19. Bh7+ Kh8 20. gxf3) 18... Rc8 $2 {[#]} ({Wrong is} 18... hxg5 $2 19. Bh7+ Kh8 20. hxg5 $18) (18... Bxd1 $17 {and life is bright.} 19. Qxd1 Qd5 20. Bh7+ Kh8) 19. Bh7+ $2 (19. Bc4 $1 $18 {[%csl Gg5][%cal Rc2h7][%mdl 512]} hxg5 20. hxg5) 19... Kh8 $17 {...Ne7 is the strong threat.} 20. Bg8 {[%csl Gg5,Gg8][%cal Rc2h7]} f5 21. Qb1 $2 {[%mdl 8192]} (21. Be6 $17 {nothing else works.} Ne7 22. Bxc8 Bxd1 23. Qxd1 Qxc8 24. Nf3) 21... Kxg8 $19 {Black is clearly winning.} 22. d5 (22. Qb3+ $142 Kh8 23. f3) 22... Bxd1 23. Qxd1 Ne5 24. d6 Qxd6 {[%cal Rd6d1]} 25. Qb3+ Kh8 {White must now prevent ...Rc3.} 26. Kg1 Rc3 {Accuracy: White = 16%, Black = 34%.} 0-1

[Event "Stay Safe Play From Home 265"]
[Site "Emanuel Lasker Arena"]
[Date "2020.06.30"]
[Round "4"]
[White "Klasman"]
[Black "EL sanbary"]
[Result "0-1"]
[WhiteElo "1293"]
[BlackElo "1917"]
[Annotator "TA"]
[PlyCount "40"]
[EventDate "2020.06.30"]
[EventType "swiss (blitz)"]

{[%evp 10,40,0,-5,0,0,-5,-53,-50,-86,-74,-136,-131,-159,-143,-155,-111,-128,-99,-103,-82,-223,-244,-243,-232,-242,-239,-220,-165,-179,-178,-185,-170]} 1. f4 c5 2. e4 g6 3. Nf3 Bg7 4. d4 cxd4 5. Nxd4 Nc6 6. c3 d5 {With the idea ...Nxd4. B06: Modern Defence.} 7. e5 Nh6 8. Bd3 O-O {Black is slightly better.} 9. Be3 f6 {[#]} 10. e6 $146 (10. exf6 $142 Rxf6 11. Nxc6 Rxc6 12. Be2) ({Predecessor:} 10. exf6 Bxf6 11. Nxc6 bxc6 12. O-O Qd6 13. b4 a5 14. Bc5 Qc7 15. Qb3 axb4 16. Qxb4 {0-1 (31) Schwier,M (2080)-Fuhrmann,D (2325) Germany 2001}) 10... Nxd4 $17 11. Bxd4 Bxe6 12. O-O Qd7 13. Nd2 Bf7 14. Nf3 Rae8 15. Qc2 {[#] White does not recover from this.} (15. Qe2 $17 {might work better.}) 15... e5 $1 $19 {[%cal Re5d4] Black is clearly better.} 16. fxe5 fxe5 17. Bc5 e4 {[%mdl 64] Double Attack} 18. Bxf8 Rxf8 19. Bxe4 dxe4 20. Qxe4 Nf5 {Accuracy: White = 53%, Black = 82%.} 0-1

[Event "Stay Safe Play From Home 265"]
[Site "Emanuel Lasker Arena"]
[Date "2020.06.30"]
[Round "5"]
[White "Mepe_Nika"]
[Black "Lamborghini"]
[Result "0-1"]
[WhiteElo "2393"]
[BlackElo "2314"]
[Annotator "TA"]
[PlyCount "68"]
[EventDate "2020.06.30"]
[EventType "swiss (blitz)"]

{[%evp 10,68,7,0,0,-3,-5,-12,-20,-13,-22,-39,-33,-38,-29,-34,-36,-29,-40,-93,-67,-78,-37,-38,-37,-122,-41,-34,-25,-68,-61,-189,-185,-190,-190,-185,-171,-290,-189,-195,-196,-272,-218,-387,-384,-618,-604,-623,-620,-596,-450,-621,-624,-596,-599,-1004,-974,-983,-983,-921,-897]} 1. c4 g6 2. Nc3 Bg7 3. g3 c5 4. Bg2 Nc6 5. d3 e6 6. Bd2 Nge7 {A36: Symmetrical English vs ...g6: 4 Bg2 Bg7.} 7. h4 h6 8. Qc1 d6 {The position is equal.} 9. a3 b6 10. Rb1 Bb7 11. b4 Qd7 {[#]} 12. Nh3 $146 ({Predecessor:} 12. Nf3 Nf5 13. O-O Ncd4 14. e4 Nxf3+ 15. Bxf3 Nd4 16. Bg2 h5 17. Re1 O-O 18. Ne2 Nxe2+ 19. Rxe2 {1-0 (50) Zwardon,V (2397)-Strebkovs,A (2340) Karvina 2015}) 12... Rc8 13. O-O Nd4 14. Nf4 (14. Bxb7 $15 Qxb7 15. bxc5) 14... Bxg2 $17 15. Kxg2 O-O 16. bxc5 dxc5 17. e3 (17. Nh3 $15) 17... Qc6+ ({Black should play} 17... Ndc6 $17 {White must now prevent ...Ne5.} 18. e4 Ne5) 18. f3 $15 Ndf5 $36 {[%mdl 2048] White is under pressure.} 19. Ne4 Rfd8 20. Bc3 {This costs White the game.} (20. Qc2 $15) 20... e5 $19 21. Nd5 Nxd5 22. cxd5 Qxd5 23. Rd1 (23. Nf2 $142 Qd6 24. e4) 23... Rc6 24. Nf2 {White wants to play e4.} Qe6 25. Ne4 (25. e4 {keeps fighting.} Nd4 26. Qd2) 25... Kh7 26. Be1 $2 (26. Nf2 {is a better defense.}) 26... c4 27. Bf2 $2 (27. Nc3 cxd3 28. e4) 27... cxd3 {Black is clearly winning.} 28. Qd2 Rc2 29. Qe1 Qa2 {[#] And now ...Re2 would win.} 30. Rd2 Rxd2 31. Nxd2 e4 {[%mdl 64] Promotion} 32. Nxe4 d2 33. Qd1 {[#]} Qxb1 $1 {[%mdl 576] Remove Defender, Promotion} 34. Qxb1 d1=Q {Accuracy: White = 44%, Black = 75%.} 0-1